000 02754cam a2200349 a 4500
003 EG-GiCUC
005 20250223031409.0
008 160114s2015 ua dh f m 000 0 eng d
040 _aEG-GiCUC
_beng
_cEG-GiCUC
041 0 _aeng
049 _aDeposite
097 _aM.Sc
099 _aCai01.11.13.M.Sc.2015.Sh.D
100 0 _aShimaa Ahmed Alsaeed Gad
245 1 0 _aDescreptive study of traumatic Abdominal injuries at kasr-alainy Hospital :
_bA cross-sectional study during the year 2014 /
_cShimaa Ahmed Alsaeed Gad ; Supervised Usama Mohamed AlBarrany , Hala Saeed Zaghloul , Mona Mohamed Ali
246 1 5 _aدراسة وصف{u٠٦أأ}ة لحالات جروح البطن الإصاب{u٠٦أأ}ة في مستشفى قصر الع{u٠٦أأ}ني :
_bدراسة مستعرضة خلال عام ٢٠١٤
260 _aCairo :
_bShimaa Ahmed Alsaeed Gad ,
_c2015
300 _a148 P. :
_bcharts , facsimiles ;
_c25cm
502 _aThesis (M.Sc.) - Cairo University - Faculty of Medicine - Department of Forensic Medicine Toxicology
520 _aAbdominal trauma is among the leading causes of morbidity and mortality in all age groups in the world. However, identifying serious intraabdominal pathology due to trauma can be a challenge. The current work is a cross sectional descriptive study of cases admitted to Kasr Al-Ainy hospital during the period from 1st of January to 31st of December 2014 with traumatic abdominal injuries. Data were analyzed regarding demographic criteria, cause, manner, site and type of wound, accompanying injuries, radiological investigations, treatment, period of hospital stay and outcome. The total number of the studied cases was 227. The most frequent age group being those between 18-40 years (72.2%) with male predominance (92.1%) and 93.4% of the cases were from Greater Cairo. The homicidal cases comprised the highest frequency among the studied groups (50.7%). Stab wound was the commonest type (58.1%) followed by firearm injuries (25.1%) and contused wound (14.1%). Regarding the cause, 81.9% of cases were due to violent assault and 72, 7% of the cases undergone surgery. Most of the cases were recovered (80.6%) and the mortality rate was 7%. Nowadays, cases of abdominal trauma are increasing at an alarming rate in all world communities. Proper management is the key for better outcome and prognosis
530 _aIssued also as CD
653 4 _aAbdominal
653 4 _aInjuries
653 4 _aTraumatic
700 0 _aHala Saeed Zaghloul ,
_eSupervisor
700 0 _aMona Mohamed Ali ,
_eSupervisor
700 0 _aUsama Mohamed Al-Barrany ,
_eSupervisor
856 _uhttp://172.23.153.220/th.pdf
905 _aAml
_eCataloger
905 _aNazla
_eRevisor
942 _2ddc
_cTH
999 _c54464
_d54464